[Event "Aut_2.Bundesliga_Ost_2003/04"]
[Site "Bruck/Leitha (1+2), Wien (3+4), Eichgraben (5-7), Wien (8+9), Eichgraben (10+11)"]
[Date "2003.11.23"]
[Round "4"]
[Board "4"]
[White "Ivancsics, Michael"]
[Black "Hangweyrer, Roman"]
[Result "1/2-1/2"]
[WhiteElo "2284"]
[BlackElo "2214"]
[PlyCount "65"]

1.d4 Nf6 2.c4 g6 3.g3 Bg7 4.Bg2 O-O 5.Nf3 d6 6.O-O Nbd7 7.Nc3 e5 8.e4 a6 9.Re1
exd4 10.Nxd4 Ng4 11.h3 Qf6 12.Nf3 Nge5 13.Nxe5 Nxe5 14.Qe2 Be6 15.Nd5 Qd8 16.f4
Nc6 17.Be3 Nd4 18.Qf2 c5 19.b4 Bxd5 20.cxd5 b6 21.Rab1 f5 22.bxc5 bxc5 23.e5
dxe5 24.Bxd4 exd4 25.Rb7 Rb8 26.Ree7 Rxb7 27.Rxb7 Re8 28.Qc2 Qa5 29.d6 Qc3 30.d7
Rd8 31.Qe2 Qe3+ 32.Qxe3 dxe3 33.Bf1

[Event "Aut_2.Bundesliga_Ost_2003/04"]
[Site "Bruck/Leitha (1+2), Wien (3+4), Eichgraben (5-7), Wien (8+9), Eichgraben (10+11)"]
[Date "2003.11.23"]
[Round "4"]
[Board "5"]
[White "Ploner, Ferdinand"]
[Black "Krpelan, Wolfgang"]
[Result "0-1"]
[WhiteElo "2264"]
[BlackElo "2232"]
[PlyCount "142"]

1.e4 g6 2.d4 Bg7 3.f4 c5 4.c3 Qb6 5.d5 d6 6.Nf3 Nf6 7.Nbd2 Qc7 8.Bc4 O-O 9.O-O
Nbd7 10.Qe2 Nb6 11.Bb3 Bd7 12.a4 a5 13.Nc4 Rae8 14.Nxb6 Qxb6 15.Bc4 e6 16.Qc2
exd5 17.exd5 Re4 18.Bb5 Bxb5 19.axb5 Qxb5 20.b3 Re2 21.Bd2 b6 22.c4 Qd7 23.Rae1
Rxe1 24.Rxe1 Re8 25.Qd3 Rxe1+ 26.Nxe1 Qe8 27.Bc3 Ng4 28.Nf3 Bxc3 29.Qxc3 Qe2
30.Qd2 Qxd2 31.Nxd2 f5 32.h3 Nf6 33.Kf2 Kf7 34.Ke2 Ke7 35.Nb1 Ne4 36.g4 fxg4
37.hxg4 h5 38.Ke3 Nf6 39.g5 Ne8 40.Nc3 Ng7 41.Ke4 Kd7 42.Ne2 Nf5 43.Kd3 Kd8
44.Kc3 h4 45.Ng1 Nd4 46.Kb2 b5 47.Nh3 b4 48.Nf2 Ke7 49.Nh3 Ne2 50.Kc2 Kf7 51.Kb2
Nc3 52.Ng1 Nd1+ 53.Kc2 Nf2 54.Nf3 h3 55.Nh2 Ne4 56.Ng4 Nc3 57.Kd3 a4 58.bxa4
Nxa4 59.Kc2 Nb6 60.Kd3 Kg7 61.Nh2 Nc8 62.Nf3 Ne7 63.Ke2 Nf5 64.Kf2 b3 65.Nd2 b2
66.Nb1 Ne3 67.Kg3 Nxc4 68.Kxh3 Ne3 69.Kg3 Nxd5 70.Kf3 Kf7 71.Ke4 Ke6

[Event "Aut_2.Bundesliga_Ost_2003/04"]
[Site "Bruck/Leitha (1+2), Wien (3+4), Eichgraben (5-7), Wien (8+9), Eichgraben (10+11)"]
[Date "2003.11.23"]
[Round "4"]
[Board "6"]
[White "Herbst, Daniel"]
[Black "Prager, Manfred"]
[Result "1/2-1/2"]
[WhiteElo "2199"]
[BlackElo "2099"]
[PlyCount "98"]

1.e4 c6 2.d4 d5 3.exd5 cxd5 4.Bd3 Nf6 5.c3 Nc6 6.Bf4 e6 7.Nf3 Bd6 8.Bxd6 Qxd6
9.O-O O-O 10.Re1 a6 11.Ne5 Nd7 12.f4 f5 13.Nxd7 Bxd7 14.Qf3 Nd8 15.Nd2 Nf7
16.Nb3 b6 17.Re3 Qc7 18.Qf1 a5 19.c4 Nd6 20.cxd5 exd5 21.Rc1 Qb7 22.Re5 Ne4
23.Qe2 a4 24.Nd2 Rac8 25.Re1 b5 26.a3 Bc6 27.g4 Qb6 28.Qe3 Nxd2 29.Qxd2 Qxd4+
30.Kf1 Rce8 31.gxf5 Rxe5 32.Rxe5 Bd7 33.Ke1 Qg1+ 34.Bf1 d4 35.Qf2 Qxf2+ 36.Kxf2
Rc8 37.Bd3 Rb8 38.Rd5 Be8 39.Rxd4 Kf7 40.Be4 Rb6 41.Ke3 Rh6 42.Rd2 Rb6 43.Kd4 b4
44.Ke5 bxa3 45.bxa3 Ke7 46.Bd5 Rh6 47.Rb2 Rh3 48.Rb7+ Kf8 49.Rb8 Ke7

[Event "Aut_2.Bundesliga_Ost_2003/04"]
[Site "Bruck/Leitha (1+2), Wien (3+4), Eichgraben (5-7), Wien (8+9), Eichgraben (10+11)"]
[Date "2003.11.23"]
[Round "4"]
[Board "1"]
[White "Mahdy, Khaled"]
[Black "Videki, Sandor"]
[Result "0-1"]
[WhiteElo "2418"]
[BlackElo "2430"]
[PlyCount "94"]

1.e4 c5 2.Nf3 d6 3.c3 Nf6 4.Bd3 Nc6 5.Bc2 Bg4 6.d3 g6 7.Nbd2 Bg7 8.h3 Bxf3
9.Nxf3 O-O 10.O-O Rc8 11.Be3 e5 12.a3 h6 13.Rc1 Kh7 14.Bb1 Qe7 15.Re1 b6 16.b4
Nh5 17.Ba2 Nf4 18.d4 g5 19.b5 Nd8 20.dxe5 Bxe5 21.Nxe5 dxe5 22.Qg4 Nb7 23.Rcd1
Nd6 24.Rxd6 Qxd6 25.Rd1 Qf6 26.Bxf4 Qxf4 27.Rd7 Qxg4 28.hxg4 c4 29.Rxa7 Ra8
30.Rb7 Rfc8 31.Rxb6 Rxa3 32.Ra6 Rxc3 33.Kh2 Rc2 34.b6 Rb8 35.Ra4 Rxb6 36.Bxc4
Rxf2 37.Ra7 Kg7 38.Bd5 Rbb2 39.Kh3 Rbd2 40.Re7 Kf8 41.Rxe5 Rxg2 42.Rf5 Rh2+
43.Kg3 Rdg2+ 44.Kf3 Rf2+ 45.Kg3 Rhg2+ 46.Kh3 Rxf5 47.exf5 Rd2

[Event "Aut_2.Bundesliga_Ost_2003/04"]
[Site "Bruck/Leitha (1+2), Wien (3+4), Eichgraben (5-7), Wien (8+9), Eichgraben (10+11)"]
[Date "2003.11.23"]
[Round "4"]
[Board "2"]
[White "Neumeier, Klaus"]
[Black "Kleiser, Gregor"]
[Result "0-1"]
[WhiteElo "2280"]
[BlackElo "2235"]
[PlyCount "120"]

1.e4 c5 2.Nf3 e6 3.c3 d5 4.exd5 Qxd5 5.d4 Nf6 6.Be3 Be7 7.Bd3 cxd4 8.cxd4 O-O
9.Nc3 Qd6 10.O-O Bd7 11.Ne5 Nc6 12.Bf4 Qb4 13.Nxc6 Bxc6 14.Be5 Qxb2 15.Nb5 a6
16.Nd6 Qb6 17.Rb1 Qd8 18.Nc4 Nd7 19.Bxh7+ Kxh7 20.Qh5+ Kg8 21.Rb3 f6 22.Rh3 Be4
23.Nd6 Bxd6 24.Bxd6 Qe8 25.Qh8+ Kf7 26.Bxf8 Qxf8 27.Qh5+ Bg6 28.Qf3 Qc8 29.Rg3
Qc6 30.Qg4 Qe4 31.Qd1 Rc8 32.Re1 Qd5 33.Qg4 Nf8 34.h4 Rc2 35.Rge3 Qf5 36.Qg3
Rxa2 37.Rc3 Kg8 38.Rc7 Qa5 39.Rec1 Ra1 40.Rxa1 Qxa1+ 41.Kh2 Qxd4 42.h5 Bf7 43.h6
g5 44.Rc8 Bg6 45.Qa3 Qh4+ 46.Kg1 Qxh6 47.Qe7 Bf7 48.Qxb7 Kg7 49.Rc7 Qh5 50.Qxa6
Qd1+ 51.Kh2 Qd5 52.Qa7 e5 53.Re7 Ng6 54.Rd7 Qc4 55.Rc7 Qe6 56.f3 e4 57.fxe4 Ne5
58.Qd4 Qg4 59.Rc3 Qh4+ 60.Rh3 Ng4+

[Event "Aut_2.Bundesliga_Ost_2003/04"]
[Site "Bruck/Leitha (1+2), Wien (3+4), Eichgraben (5-7), Wien (8+9), Eichgraben (10+11)"]
[Date "2003.11.23"]
[Round "4"]
[Board "4"]
[White "Wanderer, Thomas"]
[Black "Schwaninger, Wolfgang"]
[Result "1/2-1/2"]
[WhiteElo "2215"]
[BlackElo "2226"]
[PlyCount "84"]

1.e4 g6 2.d4 Bg7 3.Nc3 c5 4.dxc5 Qa5 5.Bd2 Qxc5 6.Nd5 Na6 7.Nf3 e6 8.Bc3 Bxc3+
9.Nxc3 Nc7 10.Be2 Nf6 11.O-O d5 12.Nd2 a6 13.a4 O-O 14.Kh1 e5 15.exd5 Ncxd5
16.Nde4 Nxe4 17.Nxe4 Qd4 18.Qxd4 exd4 19.Rad1 Nf4 20.Bf3 Ne6 21.Rd2 Kg7 22.Nd6
Rb8 23.Re1 Rd8 24.Nxc8 Rdxc8 25.Bg4 Kf6 26.g3 h5 27.Bxe6 fxe6 28.Re4 d3 29.c3 b5
30.axb5 Rxb5 31.Rd4 Rb3 32.Rd6 Rcb8 33.R2xd3 Rxb2 34.Rf3+ Ke7 35.Rxa6 R8b6
36.Ra7+ Rb7 37.Rxb7+ Rxb7 38.Rd3 Rb2 39.Kg2 Rc2 40.h4 Kf6 41.Kf3 Kf5 42.Ke3 e5

[Event "Aut_2.Bundesliga_Ost_2003/04"]
[Site "Bruck/Leitha (1+2), Wien (3+4), Eichgraben (5-7), Wien (8+9), Eichgraben (10+11)"]
[Date "2003.11.23"]
[Round "4"]
[Board "5"]
[White "Ponjican, Erich"]
[Black "Pichler, Michael"]
[Result "1/2-1/2"]
[WhiteElo "2115"]
[BlackElo "2172"]
[PlyCount "44"]

1.e4 e6 2.d4 d5 3.Nc3 dxe4 4.Nxe4 Bd7 5.Nf3 Bc6 6.Bd3 Nd7 7.O-O Ngf6 8.Qe2 Nxe4
9.Bxe4 Bxe4 10.Qxe4 c6 11.c4 Be7 12.b3 O-O 13.Re1 Re8 14.Bb2 Qc7 15.Rad1 Rad8
16.Bc3 Bf6 17.Qe3 Nf8 18.g3 Rd7 19.Rd3 Red8 20.Red1 b6 21.Ne5 Bxe5 22.dxe5 Rxd3

[Event "Aut_2.Bundesliga_Ost_2003/04"]
[Site "Bruck/Leitha (1+2), Wien (3+4), Eichgraben (5-7), Wien (8+9), Eichgraben (10+11)"]
[Date "2003.11.23"]
[Round "4"]
[Board "6"]
[White "Wandl, Werner"]
[Black "Zsifkovits, Robert"]
[Result "0-1"]
[WhiteElo "2125"]
[BlackElo "2135"]
[PlyCount "156"]

1.e4 e5 2.Nf3 Nf6 3.Nc3 Nc6 4.d4 exd4 5.Nxd4 Bb4 6.Nxc6 bxc6 7.Bd3 d5 8.exd5
cxd5 9.O-O O-O 10.Bg5 c6 11.Qf3 Be7 12.h3 h6 13.Bh4 Re8 14.Rfe1 Be6 15.Ne2 Bd7
16.Nd4 Ne4 17.Bxe7 Qxe7 18.c3 Rad8 19.Re2 c5 20.Nf5 Qf6 21.g4 Bxf5 22.Qxf5 Qxf5
23.gxf5 Nf6 24.Rae1 Kf8 25.Kg2 Rxe2 26.Rxe2 Re8 27.Rd2 Ke7 28.b4 c4 29.Be2 Rd8
30.Bf3 Kd6 31.a4 Rd7 32.Rd1 Ke5 33.b5 Kxf5 34.a5 Ke5 35.Rb1 Ne4 36.Bxe4 Kxe4
37.b6 axb6 38.Rxb6 Ra7 39.Rb5 Ke5 40.Kf3 Kd6 41.Ke3 Kc6 42.Rb8 Rxa5 43.Kd4 Ra1
44.Rc8+ Kd7 45.Rg8 Rd1+ 46.Kc5 g6 47.Ra8 Rd3 48.h4 Rxc3 49.Kxd5 Rh3 50.Ra7+ Ke8
51.Kxc4 Rxh4+ 52.Kd3 Rf4 53.Ke2 h5 54.Kf1 Rg4 55.Ra8+ Ke7 56.Ra7+ Kf6 57.Ra6+
Kg5 58.Ra5+ f5 59.Ra3 h4 60.Rh3 Ra4 61.Kg2 Kh5 62.Re3 g5 63.Rf3 Kg6 64.Rh3 Rf4
65.Rb3 g4 66.Rb2 Kg5 67.Ra2 Rb4 68.Rc2 h3+ 69.Kh2 Rf4 70.Kg1 Kh4 71.Rc8 h2+
72.Kxh2 Rxf2+ 73.Kg1 Kg3 74.Rc1 f4 75.Ra1 Rb2 76.Kh1 f3 77.Rg1+ Rg2 78.Rf1 Rh2+

[Event "Aut_2.Bundesliga_Ost_2003/04"]
[Site "Bruck/Leitha (1+2), Wien (3+4), Eichgraben (5-7), Wien (8+9), Eichgraben (10+11)"]
[Date "2003.11.23"]
[Round "4"]
[Board "2"]
[White "Groetz, Harald"]
[Black "Lipka, Juraj"]
[Result "1-0"]
[WhiteElo "2359"]
[BlackElo "2417"]
[PlyCount "63"]

1.e4 e6 2.d4 d5 3.Nd2 c5 4.exd5 exd5 5.Ngf3 Nf6 6.Bb5+ Bd7 7.Bxd7+ Nbxd7 8.O-O
Be7 9.dxc5 Nxc5 10.Nb3 Nce4 11.Nfd4 Qd7 12.Qf3 O-O 13.Nf5 Bd8 14.Be3 g6 15.Nh6+
Kg7 16.Rad1 Qc8 17.g4 Qe6 18.Nd4 Qe8 19.Ne2 Qe5 20.h4 Bb6 21.Nd4 Ng8 22.Bf4 Qe8
23.Nxg8 Kxg8 24.Bh6 Qe5 25.Bxf8 Bxd4 26.Bh6 Bxb2 27.Rfe1 Qe6 28.c4 Qc8 29.cxd5
Nf6 30.d6 Qc5 31.Qxb7 Rc8 32.Qxb2

[Event "Aut_2.Bundesliga_Ost_2003/04"]
[Site "Bruck/Leitha (1+2), Wien (3+4), Eichgraben (5-7), Wien (8+9), Eichgraben (10+11)"]
[Date "2003.11.23"]
[Round "4"]
[Board "3"]
[White "Alvir, Aco"]
[Black "Hangweyrer, Manfred"]
[Result "0-1"]
[WhiteElo "2374"]
[BlackElo "2303"]
[PlyCount "48"]

1.d4 Nf6 2.c4 c6 3.Nc3 d5 4.e3 e6 5.Nf3 Nbd7 6.Qc2 Bd6 7.cxd5 exd5 8.Bd3 O-O
9.O-O Re8 10.b3 Nf8 11.h3 Ng6 12.Bb2 Qe7 13.Nd2 Nh5 14.Bxg6 hxg6 15.Nf3 Bf5
16.Qd2 Nf6 17.Rfe1 Rad8 18.Qe2 Nh7 19.Qf1 g5 20.g4 Bg6 21.Qg2 Nf8 22.Ne2 Be4
23.Ng3 Ng6 24.Nf5 Qf6

[Event "Aut_2.Bundesliga_Ost_2003/04"]
[Site "Bruck/Leitha (1+2), Wien (3+4), Eichgraben (5-7), Wien (8+9), Eichgraben (10+11)"]
[Date "2003.11.23"]
[Round "4"]
[Board "4"]
[White "Batyte, Daiva"]
[Black "Kuthan, Andreas"]
[Result "1/2-1/2"]
[WhiteElo "2170"]
[BlackElo "2237"]
[PlyCount "35"]

1.e4 e6 2.d4 d5 3.e5 c5 4.c3 Nc6 5.Nf3 Bd7 6.a3 f6 7.b4 cxd4 8.exf6 gxf6 9.Nxd4
Bd6 10.Qh5+ Kf8 11.Bd3 Qe8 12.Bh6+ Nxh6 13.Qxh6+ Ke7 14.O-O Qf8 15.Qe3 Nxd4
16.cxd4 Qg7 17.Nc3 Rag8 18.g3

[Event "Aut_2.Bundesliga_Ost_2003/04"]
[Site "Bruck/Leitha (1+2), Wien (3+4), Eichgraben (5-7), Wien (8+9), Eichgraben (10+11)"]
[Date "2003.11.23"]
[Round "4"]
[Board "5"]
[White "Froschauer, Hans"]
[Black "Schirmbeck, Hannes"]
[Result "0-1"]
[WhiteElo "2120"]
[BlackElo "2117"]
[PlyCount "62"]

1.Nf3 e6 2.d4 Nf6 3.g3 c5 4.Bg2 d5 5.O-O Nc6 6.c3 Be7 7.a3 O-O 8.b4 b6 9.Bf4 Ne4
10.Ne5 Nxe5 11.Bxe5 Bb7 12.f3 Nd6 13.Bxd6 Qxd6 14.f4 Rac8 15.Nd2 cxd4 16.cxd4
Rc3 17.Rf3 Qc6 18.Nf1 Rc8 19.Ne3 a5 20.bxa5 bxa5 21.Ng4 f6 22.Qd2 a4 23.Qb2 Ba6
24.Ne3 Rb3 25.Qd2 Qc3 26.Qd1 Bxe2 27.Nxd5 Bxf3 28.Nxe7+ Kf7 29.Bxf3 Kxe7 30.Bg2
Qe3+ 31.Kh1 Rbc3

[Event "Aut_2.Bundesliga_Ost_2003/04"]
[Site "Bruck/Leitha (1+2), Wien (3+4), Eichgraben (5-7), Wien (8+9), Eichgraben (10+11)"]
[Date "2003.11.23"]
[Round "4"]
[Board "6"]
[White "Sadilek, Maximilian"]
[Black "Ruisz, Johannes"]
[Result "1-0"]
[WhiteElo "2064"]
[BlackElo "2048"]
[PlyCount "77"]

1.e4 c5 2.Nf3 Nc6 3.d4 cxd4 4.Nxd4 Nf6 5.Nc3 e5 6.Ndb5 d6 7.Bg5 a6 8.Na3 b5
9.Bxf6 gxf6 10.Nd5 Bg7 11.Bd3 Ne7 12.Nxe7 Qxe7 13.c4 f5 14.O-O O-O 15.Qh5 f4
16.cxb5 f5 17.Rfd1 Kh8 18.bxa6 Bxa6 19.Bxa6 Rxa6 20.exf5 Qb7 21.Nc4 d5 22.f6
Raxf6 23.Nd2 Rh6 24.Qg5 Rg6 25.Qh5 e4 26.Nb3 d4 27.Nxd4 Bxd4 28.Rxd4 e3 29.Qe5+
Rg7 30.Rd5 exf2+ 31.Kxf2 f3 32.g3 Qb6+ 33.Qd4 Qe6 34.Re1 Qh3 35.Rg5 Qxh2+ 36.Ke3
Qh6 37.Qxg7+ Qxg7 38.Rxg7 Kxg7 39.Rf1

[Event "Aut_2.Bundesliga_Ost_2003/04"]
[Site "Bruck/Leitha (1+2), Wien (3+4), Eichgraben (5-7), Wien (8+9), Eichgraben (10+11)"]
[Date "2003.11.23"]
[Round "4"]
[Board "1"]
[White "Tibensky, Robert"]
[Black "Palkoevi, Jozsef"]
[Result "1-0"]
[WhiteElo "2405"]
[BlackElo "2428"]
[PlyCount "73"]

1.d4 Nf6 2.Nf3 g6 3.Bg5 Bg7 4.Nbd2 d5 5.e3 b6 6.c3 O-O 7.a4 c5 8.Bd3 Bb7 9.Qb1
Nc6 10.O-O a5 11.Re1 Re8 12.Bb5 Nd7 13.Qa2 f6 14.Bh4 e6 15.e4 Ne7 16.Rad1 g5
17.Bg3 g4 18.Nh4 cxd4 19.cxd4 Nc6 20.exd5 Nb4 21.Qb1 Bxd5 22.Nc4 Re7 23.Ne3 f5
24.Nxd5 Nxd5 25.Bc6 f4 26.Rxe6 fxg3 27.Bxd5 gxf2+ 28.Kxf2 Rf7+ 29.Nf5 Nf8 30.Rd6
Qc7 31.Kg1 Ra7 32.Bxf7+ Qxf7 33.Nxg7 Qxg7 34.Qe4 Rf7 35.Rf1 Rxf1+ 36.Kxf1 Qf7+
37.Kg1

[Event "Aut_2.Bundesliga_Ost_2003/04"]
[Site "Bruck/Leitha (1+2), Wien (3+4), Eichgraben (5-7), Wien (8+9), Eichgraben (10+11)"]
[Date "2003.11.23"]
[Round "4"]
[Board "2"]
[White "Rumpl, Erwin"]
[Black "Banas, Jan"]
[Result "1/2-1/2"]
[WhiteElo "2254"]
[BlackElo "2369"]
[PlyCount "85"]

1.g3 g6 2.Bg2 Bg7 3.f4 c5 4.Nf3 Nc6 5.O-O e6 6.e4 Nge7 7.d3 d6 8.c3 O-O 9.Be3 b6
10.Na3 Qd7 11.Qd2 Ba6 12.Rfd1 d5 13.e5 d4 14.cxd4 cxd4 15.Bf2 f6 16.Nc4 Rad8
17.exf6 Bxf6 18.Re1 Rfe8 19.Nce5 Nxe5 20.Nxe5 Qd6 21.Re4 Nf5 22.g4 Ne3 23.Bxe3
dxe3 24.Qxe3 Bb7 25.g5 Bxe5 26.Rxe5 Bxg2 27.Kxg2 Qxd3 28.Qxd3 Rxd3 29.Rae1 Rd2+
30.R1e2 Rxe2+ 31.Rxe2 Kf7 32.Rc2 Re7 33.Kf3 e5 34.fxe5 Rxe5 35.Rc7+ Re7 36.Rc6
Ke8 37.h4 Rf7+ 38.Ke3 Kd7 39.Rc2 Rf1 40.Rc4 Rh1 41.Kf3 Rh2 42.Rb4 Kc6 43.Kg3

[Event "Aut_2.Bundesliga_Ost_2003/04"]
[Site "Bruck/Leitha (1+2), Wien (3+4), Eichgraben (5-7), Wien (8+9), Eichgraben (10+11)"]
[Date "2003.11.23"]
[Round "4"]
[Board "3"]
[White "Wallner, Joachim"]
[Black "Gugler, Edgar"]
[Result "1-0"]
[WhiteElo "2297"]
[BlackElo "2242"]
[PlyCount "59"]

1.e4 c6 2.d4 g6 3.Nc3 Bg7 4.f4 d5 5.e5 h5 6.Nf3 Bg4 7.h3 Bxf3 8.Qxf3 e6 9.Be3 h4
10.Bf2 Bf8 11.Bd3 Nh6 12.Ne2 Be7 13.O-O-O Na6 14.c3 c5 15.Bb5+ Kf8 16.Bxa6 bxa6
17.dxc5 Qc7 18.Kb1 Nf5 19.c4 Rb8 20.cxd5 exd5 21.Rxd5 Kg7 22.Nd4 Rb4 23.Rd1 Rhb8
24.Nxf5+ gxf5 25.b3 Qc6 26.Rd7 Qe6 27.Qd5 Kf8 28.Qxe6 fxe6 29.c6 Rxf4 30.c7

[Event "Aut_2.Bundesliga_Ost_2003/04"]
[Site "Bruck/Leitha (1+2), Wien (3+4), Eichgraben (5-7), Wien (8+9), Eichgraben (10+11)"]
[Date "2003.11.23"]
[Round "4"]
[Board "4"]
[White "Bachmayer, Josef"]
[Black "Ganaus, Hannes"]
[Result "0-1"]
[WhiteElo "2170"]
[BlackElo "2349"]
[PlyCount "136"]

1.d4 Nf6 2.Nc3 d5 3.Bg5 Nbd7 4.f3 h6 5.Bh4 c6 6.e4 Qb6 7.e5 Ng8 8.Rb1 e6 9.f4
Ne7 10.Bf2 g6 11.Nf3 a6 12.Be2 Qc7 13.O-O b6 14.Rc1 c5 15.Kh1 Bb7 16.Nb1 g5
17.g3 Nf5 18.c3 g4 19.Nh4 Nxh4 20.gxh4 h5 21.Qd3 O-O-O 22.Nd2 f5 23.exf6 Bd6
24.Bg3 Rdf8 25.f5 e5 26.Qe3 Kb8 27.Bd3 Rxf6 28.Qg5 e4 29.Bxd6 Qxd6 30.Be2 Rff8
31.Qf4 Rh6 32.Qxd6+ Rxd6 33.Rf4 Rc6 34.Nb3 Rcf6 35.Rcf1 c4 36.Nc1 b5 37.Bd1 R6f7
38.Ne2 Nf6 39.Ng3 Bc6 40.Kg2 Rg7 41.Kf2 Kc7 42.Ke3 Kd6 43.R4f2 a5 44.a3 Rb8
45.Kf4 Be8 46.Re1 b4 47.axb4 axb4 48.Rd2 Ra7 49.Kg5 Ke7 50.h3 gxh3 51.cxb4 Kf7
52.Kf4 Rxb4 53.Re3 Rab7 54.Ra3 Rxb2 55.Rxb2 Rxb2 56.Ra7+ Kf8 57.Ke5 Rb6 58.Nf1
Ng4+ 59.Bxg4 hxg4 60.Kf4 Rb1 61.Nh2 e3 62.Ra2 Bh5 63.Kg5 g3 64.Kxh5 gxh2 65.Rxh2
Rg1 66.Re2 c3 67.Rc2 Rg2 68.Rxc3 h2

[Event "Aut_2.Bundesliga_Ost_2003/04"]
[Site "Bruck/Leitha (1+2), Wien (3+4), Eichgraben (5-7), Wien (8+9), Eichgraben (10+11)"]
[Date "2003.11.23"]
[Round "4"]
[Board "5"]
[White "Fusi, Christoph"]
[Black "Wadsack, Wolfgang"]
[Result "1/2-1/2"]
[WhiteElo "2241"]
[BlackElo "2176"]
[PlyCount "96"]

1.e4 d5 2.exd5 Nf6 3.d4 Nxd5 4.c4 Nb6 5.Nc3 e5 6.dxe5 Qxd1+ 7.Nxd1 Nc6 8.Ne3
Nxe5 9.f4 Ng4 10.Nxg4 Bxg4 11.Be3 Bb4+ 12.Kf2 O-O-O 13.Nf3 Bxf3 14.Kxf3 Rhe8
15.g3 f5 16.h4 h5 17.Rh2 Na4 18.Rc2 Bc5 19.Re1 Bd4 20.Ree2 Bxe3 21.Rxe3 Rxe3+
22.Kxe3 Nc5 23.Be2 g6 24.b4 Ne4 25.Kf3 c5 26.a3 Kc7 27.Kg2 Nd2 28.Rc3 b6 29.bxc5
bxc5 30.Rd3 Rd4 31.Re3 Nxc4 32.Rc3 Nb6 33.Rxc5+ Kd6 34.Ra5 Ra4 35.Rxa4 Nxa4
36.Bb5 Nb6 37.Be8 Nc4 38.Bxg6 Nxa3 39.Bxf5 Nc4 40.Kf3 a5 41.Bc2 Ke7 42.Ke4 Kf6
43.Kd3 Nb6 44.Kd4 a4 45.Kc5 a3 46.Bb3 Nc8 47.Kb4 Nd6 48.Kxa3 Ne4

[Event "Aut_2.Bundesliga_Ost_2003/04"]
[Site "Bruck/Leitha (1+2), Wien (3+4), Eichgraben (5-7), Wien (8+9), Eichgraben (10+11)"]
[Date "2003.11.23"]
[Round "4"]
[Board "6"]
[White "Wadsack, Winfried"]
[Black "Zetthofer, Gerald"]
[Result "0-1"]
[WhiteElo "2146"]
[BlackElo "2225"]
[PlyCount "88"]

1.e4 e6 2.d4 d5 3.Nc3 Bb4 4.Bd2 dxe4 5.Qg4 Nf6 6.Qxg7 Rg8 7.Qh6 Nc6 8.O-O-O Rg6
9.Qh4 Rg4 10.Qh6 Bf8 11.Qh3 Nxd4 12.Be3 e5 13.Be2 Rg6 14.Qh4 Bf5 15.f3 Be7
16.Qf2 c5 17.g4 Be6 18.h3 Nd5 19.Nxe4 Qa5 20.a3 b5 21.Bxd4 cxd4 22.Bd3 b4 23.Qe1
Qa4 24.b3 Qxa3+ 25.Kd2 Qa5 26.Ra1 Qd8 27.h4 a5 28.Ne2 Kf8 29.Kc1 Bd7 30.Kb2 a4
31.bxa4 Nc3 32.Kc1 Rb6 33.N2xc3 bxc3 34.Kd1 Rxa4 35.Ke2 Rab4 36.Qg3 Qb8 37.Ra5
Bb5 38.Rha1 Bxd3+ 39.Kxd3 Qc7 40.Ke2 R4b5 41.Nf2 Rb2 42.Rc1 Bd6 43.Qg1 Rb8
44.Nd3 Qxa5

[Event "Aut_2.Bundesliga_Ost_2003/04"]
[Site "Bruck/Leitha (1+2), Wien (3+4), Eichgraben (5-7), Wien (8+9), Eichgraben (10+11)"]
[Date "2003.11.23"]
[Round "4"]
[Board "1"]
[White "Srienz, Christian"]
[Black "Pingitzer, Harald"]
[Result "1/2-1/2"]
[WhiteElo "2222"]
[BlackElo "2381"]
[PlyCount "64"]

1.e4 c6 2.d4 d5 3.Nc3 dxe4 4.Nxe4 Bf5 5.Ng3 Bg6 6.h4 h6 7.Nf3 Nd7 8.Bc4 e6 9.Qe2
Ngf6 10.Ne5 Nxe5 11.dxe5 Nd7 12.Bf4 b5 13.Bd3 Bxd3 14.Qxd3 Nc5 15.Qf3 Qd5 16.Rd1
Qxf3 17.gxf3 Be7 18.Ne4 Nxe4 19.fxe4 Rd8 20.Rxd8+ Bxd8 21.Be3 Bb6 22.Ke2 Ke7
23.Rg1 g6 24.a4 Bxe3 25.Kxe3 Rb8 26.Ra1 a5 27.b3 Kd7 28.f4 Kc7 29.axb5 Rxb5
30.h5 gxh5 31.Rh1 Rb8 32.Rxh5 Rh8

[Event "Aut_2.Bundesliga_Ost_2003/04"]
[Site "Bruck/Leitha (1+2), Wien (3+4), Eichgraben (5-7), Wien (8+9), Eichgraben (10+11)"]
[Date "2003.11.23"]
[Round "4"]
[Board "2"]
[White "Schneider-Zinner, Harald"]
[Black "Schorn, Christoph"]
[Result "1-0"]
[WhiteElo "2347"]
[BlackElo "2215"]
[PlyCount "69"]

1.d4 Nf6 2.c4 g6 3.Nc3 d5 4.cxd5 Nxd5 5.e4 Nxc3 6.bxc3 Bg7 7.Nf3 c5 8.Be3 O-O
9.Rc1 Nd7 10.Be2 b6 11.O-O e5 12.Qa4 Qe7 13.Bb5 a6 14.Bc6 Ra7 15.Rfe1 Nb8 16.Bd5
b5 17.Qa5 exd4 18.cxd4 c4 19.a4 Qd8 20.Qb4 Bd7 21.Ne5 Be8 22.Rb1 Rc7 23.axb5
axb5 24.Ra1 Qc8 25.Ra8 Bd7 26.Bf4 Rb7 27.Nxd7 Qxd7 28.Bxb7 Qxb7 29.Rxb8 Rxb8
30.Bxb8 Qxb8 31.Rb1 Bxd4 32.Qxb5 Qf4 33.Qb8+ Qxb8 34.Rxb8+ Kg7 35.Rb4

[Event "Aut_2.Bundesliga_Ost_2003/04"]
[Site "Bruck/Leitha (1+2), Wien (3+4), Eichgraben (5-7), Wien (8+9), Eichgraben (10+11)"]
[Date "2003.11.23"]
[Round "4"]
[Board "3"]
[White "Thoma, Wilhelm Jun."]
[Black "Kummer, Helmut"]
[Result "0-1"]
[WhiteElo "2161"]
[BlackElo "2337"]
[PlyCount "76"]

1.d4 d5 2.Nf3 Bf5 3.c4 e6 4.Qb3 Nc6 5.c5 Rb8 6.Bf4 Nf6 7.e3 a6 8.Nbd2 Be7 9.Bd3
Bg6 10.h3 O-O 11.O-O Re8 12.Bxg6 hxg6 13.Qc3 Nd7 14.b4 Bf6 15.Be5 Bxe5 16.dxe5
f6 17.exf6 Qxf6 18.Qb3 Nce5 19.Rad1 c6 20.a4 Nf7 21.Nh2 g5 22.Ng4 Qg6 23.e4 Nf6
24.exd5 exd5 25.Qg3 Rbc8 26.Nxf6+ Qxf6 27.Rb1 Qf4 28.Qxf4 gxf4 29.Rfe1 Ne5
30.Rb3 Kf7 31.g3 g5 32.Kg2 Re6 33.Nf3 Nxf3 34.Rxe6 Nd4 35.Rd6 Nxb3 36.Rd7+ Kf6
37.Rxb7 fxg3 38.fxg3 a5

[Event "Aut_2.Bundesliga_Ost_2003/04"]
[Site "Bruck/Leitha (1+2), Wien (3+4), Eichgraben (5-7), Wien (8+9), Eichgraben (10+11)"]
[Date "2003.12.06"]
[Round "5"]
[Board "1"]
[White "Pingitzer, Harald"]
[Black "Likavsky, Tomas"]
[Result "1/2-1/2"]
[WhiteElo "2381"]
[BlackElo "2472"]
[PlyCount "90"]

1.Nf3 Nf6 2.d4 e6 3.c3 b6 4.Nbd2 Bb7 5.e3 d5 6.Bb5+ Nbd7 7.Ne5 Bd6 8.f4 a6 9.Bd3
Ne4 10.Nxd7 Qxd7 11.Qc2 Nf6 12.Nf3 c5 13.O-O c4 14.Be2 O-O 15.Bd2 b5 16.Ng5 h6
17.Nh3 a5 18.a3 Ne4 19.Nf2 Nxd2 20.Qxd2 Bc6 21.g4 b4 22.axb4 axb4 23.Kh1 Qb7
24.h4 Rxa1 25.Rxa1 f6 26.Rg1 e5 27.f5 Qe7 28.Bf3 e4 29.Bd1 Ra8 30.g5 fxg5
31.hxg5 hxg5 32.Nh3 Ra1 33.Qg2 bxc3 34.bxc3 Bd7 35.Qb2 Rxd1 36.Rxd1 g4 37.Nf4
Bxf4 38.exf4 e3 39.Qh2 Bxf5 40.Kg1 e2 41.Re1 Bd3 42.Kf2 Qa3 43.Qh5 Be4 44.Qe8+
Kh7 45.Qh5+ Kg8

[Event "Aut_2.Bundesliga_Ost_2003/04"]
[Site "Bruck/Leitha (1+2), Wien (3+4), Eichgraben (5-7), Wien (8+9), Eichgraben (10+11)"]
[Date "2003.12.06"]
[Round "5"]
[Board "2"]
[White "Manik, Mikulas"]
[Black "Schneider-Zinner, Harald"]
[Result "1/2-1/2"]
[WhiteElo "2493"]
[BlackElo "2347"]
[PlyCount "85"]

1.e4 e6 2.d4 d5 3.e5 c5 4.c3 Nc6 5.Nf3 Bd7 6.Be2 Nge7 7.O-O Nf5 8.Na3 cxd4
9.cxd4 Rc8 10.Nc2 Nb4 11.Nxb4 Bxb4 12.Bg5 f6 13.Bd2 Qb6 14.Bxb4 Qxb4 15.Bd3 Ne7
16.a3 Qb6 17.exf6 gxf6 18.Nh4 Kd8 19.Nf3 Nc6 20.Bc2 Qc7 21.Qd2 Qd6 22.Qh6 Rf8
23.Bxh7 Kc7 24.Rac1 Kb8 25.Rfe1 Rh8 26.Qg7 e5 27.dxe5 fxe5 28.h4 Rhf8 29.Nxe5
Rc7 30.Nf7 Bg4 31.Nxd6 Rxg7 32.Bd3 Bf3 33.g3 a6 34.Bxa6 bxa6 35.Rxc6 Rg6 36.Rxa6
d4 37.Re7 Bd5 38.Rb6+ Ka8 39.Ra6+ Kb8 40.Rb6+ Ka8 41.Ra6+ Kb8 42.Rb6+ Ka8
43.Ra6+

[Event "Aut_2.Bundesliga_Ost_2003/04"]
[Site "Bruck/Leitha (1+2), Wien (3+4), Eichgraben (5-7), Wien (8+9), Eichgraben (10+11)"]
[Date "2003.12.06"]
[Round "5"]
[Board "3"]
[White "Kummer, Helmut"]
[Black "Dudas, Jan"]
[Result "1-0"]
[WhiteElo "2337"]
[BlackElo "2320"]
[PlyCount "127"]

1.d4 d5 2.c4 c6 3.Nf3 Nf6 4.Nc3 a6 5.c5 Nbd7 6.Bf4 Nh5 7.Be3 g6 8.g3 Bg7 9.Bg2
O-O 10.O-O Re8 11.Rc1 e5 12.Nxe5 Nxe5 13.dxe5 Bxe5 14.Bd4 Bxd4 15.Qxd4 Nf6
16.Rfd1 Bf5 17.e3 Ne4 18.Na4 h5 19.Nb6 Rb8 20.b4 Qe7 21.Re1 Qe6 22.Rcd1 Bh3
23.Bh1 Qf5 24.f3 Ng5 25.Qf4 Qxf4 26.gxf4 Nh7 27.e4 Nf6 28.Kf2 Be6 29.a3 Rbd8
30.h4 dxe4 31.fxe4 Bb3 32.Rd6 Ng4+ 33.Kg3 Nh6 34.Bf3 Kf8 35.Rc1 Ke7 36.Rc3 Be6
37.Rcd3 f6 38.Bd1 Nf7 39.Rxd8 Rxd8 40.Rxd8 Kxd8 41.f5 gxf5 42.exf5 Bxf5 43.Bxh5
Ne5 44.Be2 Ke7 45.Nc4 Nf7 46.Bh5 Nd8 47.Nd6 Bd3 48.Bg4 a5 49.bxa5 Kf8 50.Kf4 Kg7
51.Bc8 Ba6 52.Ne8+ Kf7 53.Nc7 Bd3 54.Ke3 Bf1 55.Bf5 Bc4 56.Kd4 Be2 57.Kc3 Kg7
58.Ne8+ Kf7 59.Nd6+ Kg7 60.Bd3 Bg4 61.Kb4 Kh6 62.Nxb7 Nf7 63.a6 Bc8 64.Nd6